| 000 | 01271cam a22003734a 4500 | ||
|---|---|---|---|
| 001 | 7235924 | ||
| 003 | ARRUPE | ||
| 005 | 20150409140535.0 | ||
| 008 | 080908s2009 enk b 001 0 eng | ||
| 010 | _a 2008039191 | ||
| 020 | _a9780826495891 (hbk.) | ||
| 020 | _a0826495893 (hbk.) | ||
| 020 | _a9780826495907 (pbk.) | ||
| 020 | _a0826495907 (pbk.) | ||
| 024 | _a40016823694 | ||
| 035 | _a(OCoLC)ocn227030905 | ||
| 035 | _a(OCoLC)227030905 | ||
| 035 | _a(NNC)7235924 | ||
| 040 |
_aDLC _cDLC _dBTCTA _dUKM _dYDXCP _dBWKUK |
||
| 050 | 0 | 0 |
_aB1574.B34 _bS36 2009 |
| 082 | 0 | 0 |
_a192 _222 |
| 100 | 1 |
_aSchofield, Philip. _917040 |
|
| 245 | 1 | 0 |
_aBentham : _ba guide for the perplexed / _cPhilip Schofield. |
| 260 |
_aLondon ; _aNew York ; _bContinuum, _cc2009. |
||
| 300 |
_aviii, 183 p. ; _c23 cm. |
||
| 490 | 1 | _aContinuum guides for the perplexed | |
| 504 | _aIncludes bibliographical references (p. 163-176) and index. | ||
| 505 | 0 | _aWho was Jeremy Bentham? -- Which Bentham? -- The principle of utility -- Panopticon -- Political fallacies -- Religion and sex -- Torture. | |
| 600 | 1 | 0 |
_aBentham, Jeremy, _d1748-1832. _96667 |
| 830 | 0 |
_aGuides for the perplexed. _911161 |
|
| 942 |
_2lcc _cMONOGRAPH |
||
| 948 | 1 |
_a20090821 _bc _chew2 _dMPS |
|
| 999 |
_c122614 _d122614 |
||